Normal view
MARC view
Entry Título uniforme
001 - NÚMERO DE CONTROL
- campo de control: 6305
003 - IDENTIFICADOR DEL NÚMERO DE CONTROL
- campo de control: FranzMayer
005 - FECHA Y HORA DE LA ÚLTIMA TRANSACCIÓN
- campo de control: 20190320203645.0
008 - DATOS DE LONGITUD FIJA
- campo de control de longitud fija: 190320|| aca||aabn | a|a d
040 ## - FUENTE DE LA CATALOGACIÓN
- Centro catalogador/agencia de origen: FranzMayer
- Centro/agencia transcriptor: FranzMayer
130 ## - ENCABEZAMIENTO--TÍTULO UNIFORME
- Título uniforme: Lecturas mexicanas
- Subdivisión de forma: 80
670 ## - FUENTE DE DATOS ENCONTRADOS
- Cita de la fuente: Work cat.: (FranzMayer): Toussaint, Manuel 1890-1955 6304, Oaxaca y Tasco, 1985